Catálogo
Digital

Catálogo
Digital

Enfoque interdisciplinario para la gestión sustentable del agua potable y de los desechos sólidos en el Ecuador (Record no. 13490)

MARC details
000 -CABECERA
campo de control de longitud fija 01916nam a2200373 4500
003 - IDENTIFICADOR DEL NÚMERO DE CONTROL
campo de control EC-UNACH
005 - FECHA Y HORA DE LA ÚLTIMA TRANSACCIÓN
campo de control 20250408130026.0
006 - CÓDIGOS DE INFORMACIÓN DE LONGITUD FIJA--CARACTERÍSTICAS DEL MATERIAL ADICIONAL
campo de control de longitud fija s||||gr|||| 00| 00
008 - DATOS DE LONGITUD FIJA--INFORMACIÓN GENERAL
campo de control de longitud fija 150116t9999 mx r gr 000 0 spa d
020 ## - NÚMERO INTERNACIONAL ESTÁNDAR DEL LIBRO
Número Internacional Estándar del Libro 978-9942-661-25-8
040 ## - FUENTE DE LA CATALOGACIÓN
Centro catalogador/agencia de origen EC-UNACH
Centro/agencia transcriptor EC-UNACH
041 ## - CÓDIGO DE LENGUA
Código de lengua del texto/banda sonora o título independiente spa
082 04 - NÚMERO DE LA CLASIFICACIÓN DECIMAL DEWEY
Número de edición 23
Número de clasificación 628.162
Número de documento/Ítem L017684
100 ## - ENTRADA PRINCIPAL--NOMBRE DE PERSONA
Nombre de persona Arellano Barriga, Alfonso Patricio / Izurieta Recalde, Carlos Wladimir / Zuñiga Rodríguez, María Gabriela / Congacha Aushay, Ana Elizabeth
245 ## - MENCIÓN DE TÍTULO
Título Enfoque interdisciplinario para la gestión sustentable del agua potable y de los desechos sólidos en el Ecuador
250 ## - MENCIÓN DE EDICIÓN
Mención de edición Primera Edición
264 ## - Producción, publicación, distribución, fabricación y copyright
Lugar de producción, publicación, distribución, fabricación Riobamba - Ecuador
Nombre del de productor, editor, distribuidor, fabricante Editorial UNACH
Fecha de de producción, publicación, distribución, fabricación o copyright 2024
264 ## - Producción, publicación, distribución, fabricación y copyright
Lugar de producción, publicación, distribución, fabricación Producción UNACH
300 ## - DESCRIPCIÓN FÍSICA
Extensión 248 páginas
Otras características físicas Tablas, Figuras,
501 ## - NOTA DE "CON"
Nota de “Con” Incluye índice, índice de figuras, índice de tablas
505 ## - NOTA DE CONTENIDO CON FORMATO
Nota de contenido con formato Capítulo I. Métodos de caracterización urbanística y socio económica -- Capítulo II. Técnicas de caracterización de residuos sólidos urbanos -- Capítulo III. Características de la distribución y consumo de agua potable -- Capítulo IV. Características de los residuos sólidos urbanos (RSU) en cinco ciudades ecuatoriana -- Capítulo V. Herramientas digitales dashboard -- Capítulo VI. Tarifas de consumo de agua potable.
650 ## - PUNTO DE ACCESO ADICIONAL DE MATERIA--TÉRMINO DE MATERIA
Término de materia o nombre geográfico como elemento inicial PRODUCCIÓN PER CÁPITA
650 ## - PUNTO DE ACCESO ADICIONAL DE MATERIA--TÉRMINO DE MATERIA
Término de materia o nombre geográfico como elemento inicial HOMOGENIZACIÓN
650 ## - PUNTO DE ACCESO ADICIONAL DE MATERIA--TÉRMINO DE MATERIA
Término de materia o nombre geográfico como elemento inicial APARATOS SANITARIOS
650 ## - PUNTO DE ACCESO ADICIONAL DE MATERIA--TÉRMINO DE MATERIA
Término de materia o nombre geográfico como elemento inicial NORMATIVA ECUATORIANA
650 ## - PUNTO DE ACCESO ADICIONAL DE MATERIA--TÉRMINO DE MATERIA
Término de materia o nombre geográfico como elemento inicial VARIANZA
650 ## - PUNTO DE ACCESO ADICIONAL DE MATERIA--TÉRMINO DE MATERIA
Término de materia o nombre geográfico como elemento inicial HERRAMIENTAS DIGITALES
700 ## - PUNTO DE ACCESO ADICIONAL--NOMBRE DE PERSONA
Nombre de persona Espinoza Tinoco, Lady Marieliza
Término indicativo de función/relación Autor
856 ## - LOCALIZACIÓN Y ACCESO ELECTRÓNICOS
Identificador Uniforme del Recurso <a href="https://doi.org/10.37135/u.editorial.05.131">https://doi.org/10.37135/u.editorial.05.131</a>
Texto de enlace Libro Digital - Enfoque interdisciplinario para la gestión sustentable del agua potable y de los desechos sólidos en el Ecuador
942 ## - ELEMENTOS DE PUNTO DE ACCESO ADICIONAL (KOHA)
Fuente del sistema de clasificación o colocación Clasificación Decimal Dewey
Tipo de ítem Koha Libro electrónico
999 ## - NÚMEROS DE CONTROL DE SISTEMA (KOHA)
Koha biblionumber 13490
Holdings
Estado de pérdida Fuente del sistema de clasificación o colocación Estado dañado No para préstamo Localización permanente Ubicación/localización actual Ubicación en estantería Fecha de adquisición Fuente de adquisición Total de préstamos Signatura topográfica completa Código de barras Fecha visto por última vez Número de copia Precio válido a partir de Tipo de ítem Koha Centro de costos
  Clasificación Decimal Dewey     Biblioteca Campus Norte Biblioteca Campus Norte Ingeniería Ambiental 08/04/2025 Producción Científica UNACH   628.162 ARE L017684 L017684 08/04/2025 Ej: 01 08/04/2025 Libro electrónico  

Powered by Koha